[Event "Samara Polugaevsky Memorial 6th"]
[Site "Samara"]
[Date "2016.07.08"]
[Round "6"]
[White "Tolstykh, Dmitri"]
[Black "Dedushinskaya, Anna"]
[Result "1-0"]
[WhiteElo "1436"]
[BlackElo "1432"]
[PlyCount "77"]
[EventDate "2016.07.03"]
[EventType "swiss"]
[EventRounds "9"]
[EventCountry "RUS"]
[SourceTitle "EXT 2019"]
[Source "ChessBase"]
[SourceDate "2018.10.10"]
[SourceVersion "1"]
[SourceVersionDate "2018.10.10"]
[SourceQuality "1"]

1. d4 d6 2. c4 g6 3. Nc3 Bg7 4. Nf3 Nd7 5. h3 b6 6. Bf4 Ba6 7. e3 e5 8. dxe5 dxe5 9. Bg3 Ne7 10. Be2 0-0 11. Qb3 Kh8 12. 0-0 f5 13. Rfd1 f4 14. Bh4 Qe8 15. Bxe7 Qxe7 16. Nd5 Qd8 17. exf4 Nc5 18. Qc2 exf4 19. Nxb6 Qe7 20. Nxa8 Rxa8 21. Re1 Qd7 22. Rad1 Qc6 23. Nd4 Qf6 24. Nb3 Nxb3 25. axb3 Qxb2 26. Qxb2 Bxb2 27. Rd7 c5 28. Bf3 Rb8 29. Ree7 h5 30. Rh7+ Kg8 31. Bd5+ Kf8 32. Rxa7 Bc8 33. Rhf7+ Ke8 34. Bc6+ Bd7 35. Rfxd7 Kf8 36. Rf7+ Kg8 37. Bd5 Rd8 38. Rfd7+ Kh8 39. Rh7# 1-0

[Event "Samara Polugaevsky Memorial 6th"]
[Site "Samara"]
[Date "2016.07.03"]
[Round "1"]
[White "Dedushinskaya, Anna"]
[Black "Eryshkanova, Anastasiya"]
[Result "0-1"]
[WhiteElo "1432"]
[BlackElo "2140"]
[PlyCount "56"]
[EventDate "2016.07.03"]
[EventType "swiss"]
[EventRounds "9"]
[EventCountry "RUS"]
[SourceTitle "EXT 2019"]
[Source "ChessBase"]
[SourceDate "2018.10.10"]
[SourceVersion "1"]
[SourceVersionDate "2018.10.10"]
[SourceQuality "1"]

1. e4 c5 2. Nc3 Nc6 3. g3 g6 4. Bg2 Bg7 5. d3 e6 6. Be3 d6 7. Qd2 Nge7 8. Nge2 Nd4 9. Nd1 Qc7 10. Nc1 e5 11. c3 Bh3 12. 0-0 Bxg2 13. Kxg2 Ne6 14. f4 f5 15. g4 exf4 16. exf5 gxf5 17. Bxf4 0-0-0 18. Ne2 fxg4 19. Ne3 h5 20. d4 Ng6 21. Nc2 Nexf4+ 22. Nxf4 Bh6 23. c4 Rde8 24. Rac1 Rhf8 25. Kg3 h4+ 26. Kxg4 Qd7+ 27. Kf3 Qh3+ 28. Kf2 Qxh2+ 0-1